Gaming Quiz

Random Gaming or Video Games Quiz

Video Game iPhone Cases Quiz Stats

 Plays Quiz Updated Feb 25, 2016

Also try: Movie iPhone Cases
Challenge
Share
Tweet
Score 0/24 Timer 10:00
2 Plays Today
% Correct
Pac-Man
98.7%
Donkey Kong
97.8%
Paper Mario
96%
Angry Birds
95.8%
Pokémon
92.6%
Sonic the Hedgehog
90.6%
Halo
89.9%
The Legend of Zelda
85.3%
Mega Man
81.1%
Mortal Kombat
79.3%
Assassin's Creed
65.8%
The Orange Box
63.7%
% Correct
Final Fantasy
62.3%
Street Fighter
57.3%
Metroid
53.8%
Batman: Arkham
53.3%
Fallout
46.5%
Silent Hill
46.5%
Call of Duty
44.9%
Kingdom Hearts
42.5%
Mass Effect
39.7%
Okami
32.1%
Borderlands
26.1%
Dragon Quest
20.7%

You're not logged in!

Compare scores with friends on all Sporcle quizzes.
OR
Log In

You Might Also Like...

Show Comments

Extras

Top Quizzes Today


Score Distribution

Your Account Isn't Verified!

In order to create a playlist on Sporcle, you need to verify the email address you used during registration. Go to your Sporcle Settings to finish the process.

Report this User

Report this user for behavior that violates our Community Guidelines.

Details: